000 00592nam a22001817a 4500
005 20170404093831.0
008 170404b xxu||||| |||| 00| 0 eng d
020 _a9786079193898
050 0 4 _aPQ7298.29.A363
_bR47 2016
100 1 _aSalcedo, Hugo
245 1 0 _aRestituciones :
_bEnsayos sobre literatura y teatralidades
_c / Hugo Salcedo
250 _a1a ed.
260 _aMéxico :
_bLa Zon@mbula
_bUniversidad Autónoma de Baja California,
_c2016
300 _a199 p ;
_c22 cm.
504 _aIncluye bibliografía
650 4 _aLiteratura mexicana
_xTeatro
_vEnsayos
942 _2lcc
_cLIB
999 _c132055
_d132055